LEADER 01018nam0-22003851i-450 001 990000664500403321 005 20170426110148.0 035 $a000066450 035 $aFED01000066450 035 $a(Aleph)000066450FED01 035 $a000066450 100 $a20020821d--------km-y0itay50------ba 101 0 $ager 102 $aCH 105 $aa-------001yy 200 1 $aBauhaus$e1919-1928$eherausgegeben von Herbert Bayer, Walter Gropius, Ise Gropius 210 $aTeufen$cA. Niggli$d[s.d.] 215 $a229 p.$cill.$d26 cm 610 0 $aBauhaus 702 1$aBayer,$bHerbert 702 1$aGropius,$bIse 702 1$aGropius,$bWalter$f<1883-1969> 801 0$aIT$bUNINA$gRICA$2UNIMARC 901 $aBK 912 $a990000664500403321 952 $a01 DA 2054$b02175$fDINST 952 $a531026$fDCATA 952 $a10.132$b4192$fDARST 952 $aC 785 CAN$b460$fDARPU 959 $aDARPU 959 $aDINST 959 $aDCATA 959 $aDARST 996 $aBauhaus$9324127 997 $aUNINA LEADER 00943nam2-2200313---45-- 001 990001087920203316 005 20020715155418.0 010 $a88-02-05171-2 035 $a000108792 035 $aUSA01000108792 035 $a(ALEPH)000108792USA01 035 $a000108792 100 $a20020715d1999----km|y1itay0103----ba 101 2 $aita 102 $aIT 105 $aa|||z|||001yy 200 1 $a<<8: La>> clinica$epatologia della psiche e del comportamento$epsichiatria e società, psichiatria clinica, diagnosi, trattamenti 210 $aTorino$cUTET$d[1999] 215 $aXVII, 792 p.$d29 cm. 461 1$10010080273$12001$aProfessione medico 801 0$aIT$bUNPD$gRICA 912 $a990001087920203316 951 $a610 PRO 8$b3054 Farm.$c610$d00082361 959 $aBK 969 $aFAR 979 $aJOHNNY$b90$c20020715$lUSA01$h1554 979 $aPATRY$b90$c20040406$lUSA01$h1715 996 $aClinica$9975439 997 $aUNISA LEADER 03554oas 2201417 a 450 001 9910138955303321 005 20260218111829.0 011 $a1369-7625 035 $a(OCoLC)45266670 035 $a(CONSER) 00242300 035 $a(CKB)959328104027 035 $a(MiAaPQ)2033282 035 $a(MiAaPQ)105621 035 $a(DE-599)ZDB2006357-X 035 $a(EXLCZ)99959328104027 100 $a20001101a19989999 uy 101 0 $aeng 135 $aur||||||||||| 181 $ctxt$2rdacontent 182 $cc$2rdamedia 183 $acr$2rdacarrier 200 10$aHealth expectations 210 $a[Oxford, England] $cBlackwell Science Ltd.$d©1998- 215 $a1 online resource 300 $a"An international journal of public participation in health care and health policy." 300 $aRefereed/Peer-reviewed 311 08$a1369-6513 531 10$aHealth Expect 606 $aMedical policy$vPeriodicals 606 $aPublic health$vPeriodicals 606 $aHealth planning$vPeriodicals 606 $aHealth Services Research 606 $aHealth Policy 606 $aPatient Participation 606 $aHealth planning$2fast$3(OCoLC)fst00953159 606 $aMedical policy$2fast$3(OCoLC)fst01014505 606 $aPublic health$2fast$3(OCoLC)fst01082238 606 $aParticipation du public$2rasuqam 606 $aPolitique de la sante?$2rasuqam 606 $aSante? publique$2rasuqam 606 $aSalut pública$2thub 608 $aPeriodical. 608 $aFulltext. 608 $aInternet Resources. 608 $aPeriodicals. 608 $aPeriodicals.$2fast 608 $aPeriodicals.$2lcgft 608 $aPe?riodique e?lectronique (Descripteur de forme)$2rasuqam 608 $aRessource Internet (Descripteur de forme)$2rasuqam 608 $aRevistes electròniques.$2thub 615 0$aMedical policy 615 0$aPublic health 615 0$aHealth planning 615 12$aHealth Services Research. 615 22$aHealth Policy. 615 22$aPatient Participation. 615 7$aHealth planning. 615 7$aMedical policy. 615 7$aPublic health. 615 7$aParticipation du public. 615 7$aPolitique de la sante? 615 7$aSante? publique. 615 7$aSalut pública. 801 0$bMYG 801 1$bMYG 801 2$bWAU 801 2$bOCLCQ 801 2$bWAU 801 2$bOCLCQ 801 2$bVRC 801 2$bUQ1 801 2$bOCLCQ 801 2$bTXA 801 2$bOCLCQ 801 2$bOCLCF 801 2$bOCLCQ 801 2$bOCLCO 801 2$bNLGGC 801 2$bOCLCO 801 2$bOCLCQ 801 2$bOCLCO 801 2$bOCLCQ 801 2$bSCB 801 2$bCASUM 801 2$bOCLCA 801 2$bOCLCO 801 2$bOCLCA 801 2$bZ5A 801 2$bOCLCO 801 2$bWY@ 801 2$bOCLCO 801 2$bOCLCA 801 2$bNLE 801 2$bOCLCA 801 2$bBUF 801 2$bOCLCO 801 2$bOCLCQ 801 2$bU3W 801 2$bOCLCO 801 2$bWYU 801 2$bOCLCO 801 2$bUKMGB 801 2$bOCLCA 801 2$bVT2 801 2$bOCLCQ 801 2$bOCLCO 801 2$bCNTRU 801 2$bNJT 801 2$bUBY 801 2$bOCLCO 801 2$bQGK 801 2$bOCLCQ 801 2$bOCLCO 801 2$bOCLCQ 801 2$bUEJ 801 2$bSXB 801 2$bOCLCQ 906 $aJOURNAL 912 $a9910138955303321 996 $aHealth expectations$92092406 997 $aUNINA